| 000 | 00902nac a22003137a 4500 | ||
|---|---|---|---|
| 001 | BR0302309 | ||
| 003 | BR-BrBNA | ||
| 005 | 20240105122821.0 | ||
| 008 | 230509b bl.|||m| |||| 00| 0 por d | ||
| 040 |
_aBR-BrBNA _bpor _cBiblioteca Nacional de Agricultura |
||
| 072 | _aJ12 | ||
| 090 | _a8915 BR0302309 | ||
| 100 | 1 | _aOliveira, M.R.V. de | |
| 100 | 1 | _aPaula, S.V. de | |
| 100 | 1 | _aLopez, A.B. | |
| 100 | 1 | _aDias, V. de S | |
| 110 | 1 |
_aSecretaria de Defesa Agropecuária, Brasília, DF (Brasil) _98722 |
|
| 245 | 1 | _aBesouro chinês - Anoplophora aglabripennis | |
| 260 | 3 |
_aBrasília, DF (Brasil): _c2001. |
|
| 300 | _a12 p. | ||
| 490 |
_aAlerta Quarentenário (Brazil) _v _xISSN |
||
| 650 | _aMADEIRA | ||
| 650 | _aBESOURO | ||
| 650 | _aEMBALAGEM | ||
| 650 | _aTRANSPORTE | ||
| 650 | _aNORMALIZAÇÃO | ||
| 909 |
_a202312 _bLúcia Elande _c55 _dLúcia Elande |
||
| 942 |
_2AGRIS _n0 _cMS |
||
| 999 |
_c292933 _d292933 |
||